Southern US Presidents Quiz Stats

 Plays Quiz Updated Jun 28, 2018

Challenge
Share
Tweet
Embed
Score 0/16 Timer 03:00
3 Plays Today
% Correct
Bill Clinton
88.7%
Andrew Jackson
84.2%
Jimmy Carter
83.8%
Lyndon B. Johnson
77.3%
Thomas Jefferson
72.2%
George Washington
70%
Andrew Johnson
69.6%
James Madison
67.9%
% Correct
James Monroe
65.1%
Zachary Taylor
55.3%
James K. Polk
52.3%
John Tyler
52.2%
Abraham Lincoln
47.5%
William Henry Harrison
41.8%
Dwight D. Eisenhower
34.5%
Woodrow Wilson
33.7%

You're not logged in!

Compare scores with friends on all Sporcle quizzes.
Join for Free
OR
Log In

You Might Also Like...

Show Comments

Extras

Top Quizzes Today


Score Distribution

Your Account Isn't Verified!

In order to create a playlist on Sporcle, you need to verify the email address you used during registration. Go to your Sporcle Settings to finish the process.

Report this User

Report this user for behavior that violates our Community Guidelines.

Details: